Normal view
MARC view
- Wrochna, Michal .
Entry Personal Name
001 - CONTROL NUMBER
- control field: 57927
003 - CONTROL NUMBER IDENTIFIER
- control field: OSt
005 - DATE AND TIME OF LATEST TRANSACTION
- control field: 20240815140239.0
008 - FIXED-LENGTH DATA ELEMENTS
- fixed length control field: 240815|| aca||aabn | a|a d
040 ## - CATALOGING SOURCE
- Original cataloging agency: OSt
- Transcribing agency: OSt
100 ## - HEADING--PERSONAL NAME
- Personal name: Wrochna, Michal .
- Relator term: author.
670 ## - SOURCE DATA FOUND
- Source citation: Work cat.: (OSt): Gerard, Christian . author. 57926, The massive feynman propagator on asymptotically minkowski spacetimes /, December 2019.
